Jesucristo y María (Record no. 168992)

MARC details
000 -LEADER
campo de control de longitud fija 01073nam a22002655i 4500
001 - NÚMERO DE CONTROL
campo de control 168992
003 - IDENTIFICADOR DE NÚMERO DE CONTROL
campo de control ES-MaACL
005 - FECHA Y HORA DE LA ÚLTIMA TRANSACCIÓN
campo de control 20250830020105.0
008 - DATOS DE LONGITUD FIJA--INFORMACIÓN GENERAL
campo de control de longitud fija 080717s2008 sp |||| | spa d
020 ## - NÚMERO INTERNACIONAL ESTÁNDAR DEL LIBRO
Número Internacional Estándar del Libro 978-84-7914-924-6
080 ## - NÚMERO DE LA CLASIFICACIÓN DECIMAL UNIVERSAL
Número de la Clasificación Decimal Universal 23
100 1# - ENTRADA PRINCIPAL--NOMBRE DE PERSONA
Nombre de persona Juan Duns Escoto
Títulos y otros términos asociados al nombre Beato.
9 (RLIN) 67117
245 10 - MENCIÓN DEL TÍTULO
Título Jesucristo y María
Resto del título : Ordinatio III, Distinciones 1-17 y Lectura III, Distinciones 18-22 /
Mención de responsabilidad, etc. dirección, presentación e introducción general de José Antonio Merino ; traducción del texto latino y comentarios de Alejandro Villalmonte.
260 ## - PUBLICACIÓN, DISTRIBUCIÓN, ETC.
Lugar de publicación, distribución, etc. Madrid :
Nombre del editor, distribuidor, etc. Biblioteca de Autores Cristianos,
Fecha de publicación, distribución, etc. 2008.
300 ## - DESCRIPCIÓN FÍSICA
Extensión LXVIII, 346 p. ;
Dimensiones 20 cm.
490 1# - MENCIÓN DE SERIE
Mención de serie Biblioteca de autores cristianos ;
Designación de volumen o secuencia 674
650 14 - PUNTO DE ACCESO ADICIONAL DE MATERIA--TÉRMINO DE MATERIA
Término de materia o nombre geográfico como elemento de entrada Cristología.
9 (RLIN) 11443
650 04 - PUNTO DE ACCESO ADICIONAL DE MATERIA--TÉRMINO DE MATERIA
Término de materia o nombre geográfico como elemento de entrada Mariología.
9 (RLIN) 14794
650 07 - PUNTO DE ACCESO ADICIONAL DE MATERIA--TÉRMINO DE MATERIA
Término de materia o nombre geográfico como elemento de entrada Teología dogmática
Fuente del encabezamiento o término embne
9 (RLIN) 17468
700 1# - ENTRADA AGREGADA--NOMBRE PERSONAL
Nombre de persona Merino, José Antonio.
9 (RLIN) 80520
700 0# - ENTRADA AGREGADA--NOMBRE PERSONAL
Nombre de persona Alejandro de Villalmonte
Títulos y otros términos asociados al nombre (O.F.M. Cap.)
9 (RLIN) 146594
830 00 - PUNTO DE ACCESO ADICIONAL DE SERIE-TÍTULO UNIFORME
Título uniforme Biblioteca de autores cristianos
Designación de volumen o secuencia 674
9 (RLIN) 178679
852 4# - LOCALIZACIÓN
Ubicación ES-MaACL
Número de control de estantería J-661
itemnumber R.143801
Holdings
Estatus retirado Estado de pérdida Estado de daño No para préstamo Biblioteca de origen Biblioteca actual Ubicación en estantería Fecha de adquisición Fuente de adquisición Total de préstamos Signatura topográfica completa Código de barras Visto por última vez Precio de reemplazo Tipo de ítem Koha
        Biblioteca del Ateneo de Madrid Biblioteca del Ateneo de Madrid Depósito 2 17/07/2008     J-661 1177367 23/02/2023 23/02/2023 Libro impreso